000 00287nam a22001217a 4500
008 170511b xxu||||| |||| 00| 0 eng d
041 _aeng
080 _24TH
_a342
100 _a15
101 _aSHJ
245 _aCASES AND MATERIALS ON THE LAW OF TORTS
_cCHRISTIE, G.C
942 _2udc
_cBK
999 _c13255
_d13255